000 00766cam a22002293a 4500
001 26607
003 PGUSA
005 20140828083556.0
008 080913s2008||||xxu|||||s|||||000 | eng d
040 _aPGUSA
_beng
042 _adc
050 4 _aHQ
100 1 _aThéroigne de Méricourt,
_d1762-1817
245 1 0 _aCatéchisme libertin :
_bà l'usage des filles de joie et des jeunes demoiselles qui se destinent à embrasser cette profession
_h[electronic resource] /
_cThéroigne de Méricourt
260 _bProject Gutenberg,
_c2008
506 _aPublic domain in the USA.
516 _aElectronic text
653 _aProstitution -- France -- Manuals
830 0 _aProject Gutenberg
_v26607
856 4 0 _uhttp://www.gutenberg.org/ebooks/26607
942 _cEB
999 _c255862
_d255862